[Event "SN-2018-0-00915"]
[Site "LSS email"]
[Date "2018.03.26"]
[Round "?"]
[White "Semenov, Zhenya"]
[Black "Venturas, Bob"]
[Result "1-0"]
[WhiteElo "873"]
[BlackElo "748"]
[PlyCount "57"]
[EventDate "2018.03.07"]
[EventType "tourn (corr)"]
[EventRounds "6"]
[EventCountry "GER"]
[SourceTitle "Corr 2022"]
[Source "ChessBase"]
[SourceDate "2021.10.24"]
[SourceVersion "1"]
[SourceVersionDate "2021.10.24"]
[SourceQuality "1"]

1. Nf3 d5 2. d4 Nc6 3. Bf4 Bf5 4. c3 h6 5. e3 a6 6. Bd3 Qd7 7. h3 Nf6 8. Ne5 Nxe5 9. dxe5 Nh7 10. Na3 Bxd3 11. Qxd3 e6 12. Nc2 Be7 13. 0-0 c5 14. b4 c4 15. Qd2 Bg5 16. a4 Bxf4 17. exf4 0-0 18. Nd4 f6 19. Rfe1 fxe5 20. Rxe5 Rae8 21. b5 a5 22. Rae1 Rf6 23. Qe2 Rxf4 24. Rxe6 Re4 25. Rxe8+ Nf8 26. Rxe4 dxe4 27. Qxe4 b6 28. Ne6 Qd2 29. Nxf8 1-0

[Event "SN-2018-0-00915"]
[Site "LSS email"]
[Date "2018.03.25"]
[Round "?"]
[White "Kuttner, Jaromir"]
[Black "Semenov, Zhenya"]
[Result "1-0"]
[WhiteElo "869"]
[BlackElo "873"]
[PlyCount "105"]
[EventDate "2018.03.07"]
[EventType "tourn (corr)"]
[EventRounds "6"]
[EventCountry "GER"]
[SourceTitle "Corr 2022"]
[Source "ChessBase"]
[SourceDate "2021.10.24"]
[SourceVersion "1"]
[SourceVersionDate "2021.10.24"]
[SourceQuality "1"]

1. e4 c5 2. Nf3 Nc6 3. d4 cxd4 4. Nxd4 Nf6 5. Nc3 e5 6. Nde2 Bb4 7. Bg5 h6 8. Bh4 g5 9. Bg3 Nxe4 10. Qd5 Nxg3 11. Nxg3 d6 12. Nge4 0-0 13. 0-0-0 Be6 14. Qd3 Bxc3 15. Qxc3 d5 16. Nc5 d4 17. Qf3 Qc7 18. Qh5 Kg7 19. Bd3 Qe7 20. Ne4 f5 21. Ng3 Qf7 22. Qxf7+ Rxf7 23. h4 g4 24. f3 Nb4 25. a3 Nxd3+ 26. Rxd3 Bc4 27. Rd2 Rc8 28. Kb1 Kg6 29. b3 Bd5 30. fxg4 fxg4 31. Re1 Re8 32. Rxd4 Bxg2 33. Rd6+ Kh7 34. Re2 Bf3 35. Red2 e4 36. Rd7 Ree7 37. Rxe7 Rxe7 38. Rd6 e3 39. Nf5 Rc7 40. Rxh6+ Kg8 41. Nxe3 Rh7 42. Rxh7 Kxh7 43. Nf5 Kg6 44. Ng3 Kf6 45. Kc1 b6 46. Kd2 Ke5 47. Ke3 Bd1 48. Kd3 a6 49. b4 Kf4 50. c4 Ba4 51. Ne2+ Kf5 52. Ke3 Bc6 53. Nd4+ 1-0

[Event "SN-2018-0-00915"]
[Site "LSS email"]
[Date "2018.03.25"]
[Round "?"]
[White "Semenov, Zhenya"]
[Black "Vontina, Maria"]
[Result "1/2-1/2"]
[WhiteElo "873"]
[BlackElo "885"]
[PlyCount "127"]
[EventDate "2018.03.07"]
[EventType "tourn (corr)"]
[EventRounds "6"]
[EventCountry "GER"]
[SourceTitle "Corr 2022"]
[Source "ChessBase"]
[SourceDate "2021.10.24"]
[SourceVersion "1"]
[SourceVersionDate "2021.10.24"]
[SourceQuality "1"]

1. Nf3 Nf6 2. g3 g6 3. Bg2 Bg7 4. 0-0 0-0 5. d4 d5 6. Bf4 c6 7. Nbd2 Re8 8. Ne1 Bf5 9. b3 Nbd7 10. Rb1 e5 11. dxe5 Nxe5 12. Ndf3 Nxf3+ 13. Bxf3 Be4 14. Nd3 Bxf3 15. exf3 Nh5 16. Bd2 Qd6 17. Nf4 Nxf4 18. Bxf4 Qf6 19. Qd2 Qc3 20. Qxc3 Bxc3 21. b4 b5 22. Rb3 Be5 23. Bh6 Bd6 24. a3 a5 25. Rd1 axb4 26. axb4 Re2 27. Rd2 Rxd2 28. Bxd2 Ra2 29. Bh6 Bf8 30. Bxf8 Kxf8 31. Rc3 Ra6 32. Kf1 Ke7 33. Ke2 Kd6 34. f4 Kd7 35. f3 f5 36. g4 Kd6 37. h4 Ra4 38. Rb3 Ra1 39. Kf2 Rc1 40. Rb2 d4 41. h5 Kd5 42. hxg6 hxg6 43. gxf5 gxf5 44. Ke2 Kc4 45. Kd2 Ra1 46. Rb3 Ra4 47. Rb1 Ra8 48. Re1 Rf8 49. Re6 Kd5 50. Rg6 Rf7 51. Kd3 c5 52. bxc5 Kxc5 53. Re6 Rd7 54. Rf6 Rd5 55. Rf8 Kb6 56. c4 bxc4+ 57. Kd2 d3 58. Rb8+ Kc5 59. Rc8+ Kd4 60. Rc7 Rc5 61. Rd7+ Rd5 62. Rc7 Rc5 63. Rd7+ Rd5 64. Rc7 1/2-1/2

[Event "RN-2018-0-01418"]
[Site "LSS email"]
[Date "2018.03.21"]
[Round "?"]
[White "Neuhausen, Rainer"]
[Black "Semenov, Zhenya"]
[Result "0-1"]
[WhiteElo "885"]
[BlackElo "851"]
[PlyCount "76"]
[EventDate "2018.03.11"]
[EventType "tourn (corr)"]
[EventRounds "6"]
[EventCountry "GER"]
[SourceTitle "Corr 2022"]
[Source "ChessBase"]
[SourceDate "2021.10.24"]
[SourceVersion "1"]
[SourceVersionDate "2021.10.24"]
[SourceQuality "1"]

1. e4 c5 2. Nf3 Nc6 3. d4 cxd4 4. Nxd4 Nf6 5. Nc3 e5 6. Nb3 Bb4 7. f3 d5 8. Bd2 d4 9. Nb5 Bxd2+ 10. Nxd2 a6 11. Na3 0-0 12. Be2 Be6 13. 0-0 b5 14. Nb3 Rc8 15. c3 Qb6 16. Kh1 Rfd8 17. cxd4 Nxd4 18. Nxd4 Rxd4 19. Qe1 h6 20. Rc1 Rcd8 21. Nc2 R4d7 22. Nb4 Rd6 23. Qc3 Nd7 24. Qc7 Qxc7 25. Rxc7 a5 26. Nc6 Ra8 27. Bxb5 Bxa2 28. Ne7+ Kf8 29. Nf5 Rd2 30. Rxd7 Rxb2 31. Bc6 Rab8 32. h3 Re2 33. Rfd1 Kg8 34. Rd8+ Rxd8 35. Rxd8+ Kh7 36. Rd7 Be6 37. Bd5 Bxd7 38. Bxf7 Bxf5 0-1

[Event "SN-2018-0-00913"]
[Site "LSS email"]
[Date "2018.03.20"]
[Round "?"]
[White "Newton, Daryl"]
[Black "Semenov, Zhenya"]
[Result "0-1"]
[WhiteElo "360"]
[BlackElo "899"]
[PlyCount "68"]
[EventDate "2018.02.10"]
[EventType "tourn (corr)"]
[EventRounds "6"]
[EventCountry "GER"]
[SourceTitle "Corr 2022"]
[Source "ChessBase"]
[SourceDate "2021.10.24"]
[SourceVersion "1"]
[SourceVersionDate "2021.10.24"]
[SourceQuality "1"]

1. d4 d5 2. Nf3 Bf5 3. Bf4 e6 4. e3 Bd6 5. Bb5+ c6 6. Be2 Nf6 7. Nh4 Bg6 8. Bg5 Be7 9. Nxg6 hxg6 10. Nd2 Ne4 11. Nxe4 dxe4 12. Bf4 g5 13. Be5 Bf6 14. Bxf6 gxf6 15. Bc4 Qd6 16. Qg4 Nd7 17. Qxe4 Rxh2 18. Kd2 0-0-0 19. Rad1 f5 20. Qd3 Rxg2 21. Qe2 Rh2 22. Rhf1 e5 23. Bxf7 exd4 24. Kc1 Ne5 25. Qe1 Qf6 26. Qa5 Nxf7 27. Qxa7 d3 28. Rxd3 Rxd3 29. cxd3 Ne5 30. f4 Nxd3+ 31. Kd1 Nxb2+ 32. Kc1 Qc3+ 33. Kb1 Na4 34. Qxa4 Qb2# 0-1

[Event "RN-2018-0-01418"]
[Site "LSS email"]
[Date "2018.03.19"]
[Round "?"]
[White "Cherry, Brian"]
[Black "Semenov, Zhenya"]
[Result "0-1"]
[WhiteElo "401"]
[BlackElo "851"]
[PlyCount "38"]
[EventDate "2018.03.11"]
[EventType "tourn (corr)"]
[EventRounds "6"]
[EventCountry "GER"]
[SourceTitle "Corr 2022"]
[Source "ChessBase"]
[SourceDate "2021.10.24"]
[SourceVersion "1"]
[SourceVersionDate "2021.10.24"]
[SourceQuality "1"]

1. e4 c5 2. Nf3 Nc6 3. Bb5 e6 4. d4 cxd4 5. Bxc6 dxc6 6. Qxd4 Qxd4 7. Nxd4 Bd7 8. 0-0 0-0-0 9. Be3 Nf6 10. Nc3 Bb4 11. Bd2 Bxc3 12. Bxc3 Nxe4 13. Bb4 c5 14. Bxc5 Nxc5 15. Rad1 Kb8 16. f3 Na4 17. Rb1 h5 18. Ne2 Bb5 19. Rfe1 Rd2 0-1

[Event "IECC CL0-2018.00 email"]
[Site "IECC email"]
[Date "2018.03.12"]
[Round "?"]
[White "Zmolil, Karel"]
[Black "Semenov, Zhenya"]
[Result "1-0"]
[WhiteElo "1255"]
[BlackElo "900"]
[PlyCount "109"]
[EventDate "2018.01.26"]
[EventType "tourn (corr)"]
[EventRounds "4"]
[SourceTitle "Corr 2022"]
[Source "ChessBase"]
[SourceDate "2021.10.24"]
[SourceVersion "1"]
[SourceVersionDate "2021.10.24"]
[SourceQuality "1"]

1. e4 c5 2. Nf3 Nc6 3. Nc3 e5 4. Nd5 d6 5. c3 Nf6 6. Nxf6+ Qxf6 7. d3 Bg4 8. Be2 Be7 9. h3 Bh5 10. Be3 Bxf3 11. Bxf3 h6 12. Qb3 0-0-0 13. 0-0 h5 14. Rac1 Qe6 15. Qa4 Kb8 16. a3 Qd7 17. b4 b6 18. Qa6 Qb7 19. Qc4 Bf8 20. Ra1 f6 21. Rfb1 cxb4 22. axb4 g5 23. d4 Rc8 24. Qb3 Qd7 25. Be2 g4 26. h4 Bh6 27. Bxh6 Rxh6 28. d5 Nd8 29. Ra3 Rc7 30. Rba1 f5 31. c4 f4 32. Bd1 Qe7 33. g3 Rh7 34. Ra6 Qf6 35. Be2 Qg6 36. Qd3 Rhf7 37. b5 f3 38. Bd1 Rb7 39. Qe3 Rfc7 40. Bb3 Nf7 41. Qd3 Ng5 42. hxg5 Qxg5 43. R6a2 h4 44. Bd1 hxg3 45. fxg3 Rf7 46. Rh2 Rf8 47. Raa2 Qc1 48. Rac2 Qg5 49. Rcf2 Qc1 50. Qc2 Qe3 51. Be2 Rbf7 52. Bf1 Rg7 53. Qd2 Qxe4 54. Rh6 Rg6 55. Bd3 1-0

[Event "RN-2018-0-01413"]
[Site "LSS email"]
[Date "2018.03.10"]
[Round "?"]
[White "Caviglia, Maximiliano"]
[Black "Semenov, Zhenya"]
[Result "1-0"]
[WhiteElo "878"]
[BlackElo "889"]
[PlyCount "99"]
[EventDate "2018.02.27"]
[EventType "tourn (corr)"]
[EventRounds "6"]
[EventCountry "GER"]
[SourceTitle "Corr 2022"]
[Source "ChessBase"]
[SourceDate "2021.10.24"]
[SourceVersion "1"]
[SourceVersionDate "2021.10.24"]
[SourceQuality "1"]

1. e4 c5 2. Nf3 Nc6 3. d4 cxd4 4. Nxd4 Nf6 5. Nc3 e5 6. Ndb5 d6 7. Nd5 Nxd5 8. exd5 Nb8 9. c4 a6 10. Nc3 Be7 11. f4 Bf5 12. Bd3 Qd7 13. 0-0 0-0 14. fxe5 Bxd3 15. Qxd3 dxe5 16. b3 f5 17. Bb2 e4 18. Qe2 Bc5+ 19. Kh1 Qe7 20. Rad1 Nd7 21. Qh5 Qf7 22. Qxf7+ Rxf7 23. Ne2 g5 24. Ng3 Raf8 25. Rde1 e3 26. a3 f4 27. Ne4 Ba7 28. Nxg5 Rf5 29. Ne6 R8f7 30. Nd8 Re7 31. Nxb7 Nc5 32. Nxc5 Bxc5 33. b4 Ba7 34. d6 Rd7 35. c5 Bxc5 36. bxc5 Rxc5 37. Rxf4 Rxd6 38. h3 Rc2 39. Rg4+ Kf8 40. Bg7+ Kf7 41. Rxe3 Rd1+ 42. Kh2 Rdd2 43. Rf3+ Ke6 44. Re4+ Kd5 45. Re5+ Kc4 46. Rf4+ Kb3 47. Re3+ Ka2 48. Rg3 h5 49. Rf1 h4 50. Ra1# 1-0

[Event "RN-2018-0-01413"]
[Site "LSS email"]
[Date "2018.03.10"]
[Round "?"]
[White "Semenov, Zhenya"]
[Black "Barsabas, Jose"]
[Result "1/2-1/2"]
[WhiteElo "889"]
[BlackElo "1186"]
[PlyCount "88"]
[EventDate "2018.02.27"]
[EventType "tourn (corr)"]
[EventRounds "6"]
[EventCountry "GER"]
[SourceTitle "Corr 2022"]
[Source "ChessBase"]
[SourceDate "2021.10.24"]
[SourceVersion "1"]
[SourceVersionDate "2021.10.24"]
[SourceQuality "1"]

1. Nf3 g6 2. g3 Bg7 3. Bg2 c5 4. d4 cxd4 5. Nxd4 Nc6 6. c3 Nxd4 7. cxd4 d5 8. 0-0 Nf6 9. Nc3 0-0 10. a4 e6 11. a5 Bd7 12. Bg5 h6 13. Bf4 Bc6 14. Qd2 Kh7 15. b4 a6 16. Na4 Bxa4 17. Rxa4 Rc8 18. h3 Qd7 19. Raa1 Rc4 20. Rfb1 Rfc8 21. Rc1 Bf8 22. Rcb1 Qb5 23. f3 Rxb4 24. Rxb4 Bxb4 25. Qa2 Bc3 26. Rd1 Rc4 27. e3 Ra4 28. Qc2 Qxa5 29. Rc1 Ra1 30. Rxa1 Qxa1+ 31. Kh2 Nh5 32. Bd6 b5 33. h4 Qe1 34. Qd3 Bd2 35. e4 Be3 36. Qf1 Qxf1 37. Bxf1 dxe4 38. fxe4 Bxd4 39. Kg2 Nf6 40. Kf3 e5 41. Bf8 Nd7 42. Bd6 h5 43. Bh3 Nc5 44. Bf1 Nb3 1/2-1/2